[Event "18th HZ Open 2014"]
[Site "Vlissingen NED"]
[Date "2014.08.08"]
[Round "8.11"]
[White "Visser, HJ."]
[Black "Ducarmon, Q."]
[Result "1/2-1/2"]
[WhiteElo "2256"]
[BlackElo "2479"]
[PlyCount "65"]
[EventDate "2014.08.02"]
[EventType "swiss"]
[EventRounds "9"]
[EventCountry "NED"]
[Source "Mark Crowther"]
[SourceDate "2014.08.11"]

1. e4 c5 2. Nf3 e6 3. d4 cxd4 4. Nxd4 Nc6 5. Nc3 Qc7 6. Be3 a6 7. Qd2 Nf6 8.
O-O-O Be7 9. f3 b5 10. g4 Nxd4 11. Bxd4 Bb7 12. Kb1 O-O 13. g5 Nh5 14. Ne2 e5
15. Bc3 Rac8 16. a3 b4 17. axb4 d5 18. exd5 Bxd5 19. Qe3 Rcd8 20. Bh3 Rfe8 21.
Bg4 Nf4 22. Bxe5 Qc4 23. b3 Qxe2 24. Bxf4 Qb5 25. Qd3 Qxb4 26. Bd2 Qb8 27. Qc3
a5 28. Qb2 a4 29. c4 Bc6 30. Bc3 Qxb3 31. Qxb3 axb3 32. h4 Bc5 33. Ba5 1/2-1/2

[Event "18th HZ Open 2014"]
[Site "Vlissingen NED"]
[Date "2014.08.08"]
[Round "8.12"]
[White "Colijn, S."]
[Black "Van Foreest, Jorden"]
[Result "0-1"]
[WhiteElo "2254"]
[BlackElo "2467"]
[PlyCount "80"]
[EventDate "2014.08.02"]
[EventType "swiss"]
[EventRounds "9"]
[EventCountry "NED"]
[Source "Mark Crowther"]
[SourceDate "2014.08.11"]

1. Nf3 d5 2. c4 c6 3. cxd5 cxd5 4. d4 Nc6 5. Nc3 Nf6 6. Bf4 a6 7. e3 Bg4 8. h3
Bxf3 9. Qxf3 e6 10. Bd3 h6 11. O-O Bd6 12. Rac1 O-O 13. a3 Re8 14. Rfd1 Qe7 15.
Bb1 Rad8 16. b4 Rc8 17. Bxd6 Qxd6 18. Qe2 Rc7 19. Qd2 Rec8 20. Na4 g6 21. f4
Ne7 22. Bd3 Ne4 23. Bxe4 dxe4 24. Nc5 Qd5 25. Na4 Rc6 26. Qb2 Nf5 27. Kf2 Qd8
28. g3 Qc7 29. Nc5 b6 30. Nb3 Rc3 31. Re1 Rc2+ 32. Rxc2 Qxc2+ 33. Qxc2 Rxc2+
34. Re2 Rc3 35. Nd2 Nd6 36. a4 Ra3 37. a5 b5 38. Re1 Ra2 39. Rd1 Nc4 40. Ke1
Nxe3 0-1

[Event "18th HZ Open 2014"]
[Site "Vlissingen NED"]
[Date "2014.08.08"]
[Round "8.13"]
[White "Erwich, Frank"]
[Black "Michalczak, T."]
[Result "1/2-1/2"]
[WhiteElo "2328"]
[BlackElo "2230"]
[PlyCount "87"]
[EventDate "2014.08.02"]
[EventType "swiss"]
[EventRounds "9"]
[EventCountry "NED"]
[Source "Mark Crowther"]
[SourceDate "2014.08.11"]

1. e4 e5 2. Nf3 Nc6 3. Nc3 Nf6 4. d4 exd4 5. Nxd4 Bb4 6. Nxc6 bxc6 7. Bd3 d6 8.
O-O Ng4 9. Be2 Qh4 10. Bf4 O-O 11. Bg3 Qg5 12. Na4 Qg6 13. a3 Ba5 14. c4 f5 15.
exf5 Bxf5 16. Rc1 c5 17. b4 Bb6 18. bxc5 dxc5 19. Qb3 Rae8 20. Qb2 Qc6 21. Nc3
Qf6 22. Qb3 c6 23. Bf3 Ne5 24. Be4 Nd3 25. Rcd1 Rd8 26. Qc2 Qd4 27. Bxf5 Rxf5
28. Rd2 Ba5 29. Rfd1 Qxc3 30. Qxc3 Bxc3 31. Rxd3 Rd4 32. Kf1 Bb2 33. Ke2 Rxc4
34. Rd8+ Rf8 35. R1d7 Re4+ 36. Kd3 Rd4+ 37. Rxd4 Bxd4 38. Rxf8+ Kxf8 39. Kc4
Ke7 40. f3 Ke6 41. Bb8 a6 42. Ba7 Kd6 43. Bb8+ Ke6 44. Ba7 1/2-1/2

[Event "18th HZ Open 2014"]
[Site "Vlissingen NED"]
[Date "2014.08.08"]
[Round "8.14"]
[White "Van den Berg, Ad"]
[Black "Dijkhuis, Tycho"]
[Result "1/2-1/2"]
[WhiteElo "2235"]
[BlackElo "2327"]
[PlyCount "31"]
[EventDate "2014.08.02"]
[EventType "swiss"]
[EventRounds "9"]
[EventCountry "NED"]
[Source "Mark Crowther"]
[SourceDate "2014.08.11"]

1. e4 c5 2. Nc3 Nc6 3. Nge2 e6 4. g3 a6 5. Bg2 Nf6 6. O-O Qc7 7. d3 Be7 8. f4
d6 9. h3 O-O 10. g4 b5 11. Ng3 Re8 12. Nce2 Bb7 13. g5 Nd7 14. h4 Bf8 15. b3 a5
16. Nc3 1/2-1/2

[Event "18th HZ Open 2014"]
[Site "Vlissingen NED"]
[Date "2014.08.08"]
[Round "8.16"]
[White "Verstraeten, R."]
[Black "Maris, Iv"]
[Result "1/2-1/2"]
[WhiteElo "2298"]
[BlackElo "2178"]
[PlyCount "49"]
[EventDate "2014.08.02"]
[EventType "swiss"]
[EventRounds "9"]
[EventCountry "NED"]
[Source "Mark Crowther"]
[SourceDate "2014.08.11"]

1. d4 Nf6 2. c4 Nc6 3. Nf3 e6 4. e3 Bb4+ 5. Nbd2 d6 6. a3 Bxd2+ 7. Bxd2 Ne4 8.
Bc1 e5 9. Be2 a5 10. O-O O-O 11. Qc2 f5 12. b3 Ng5 13. dxe5 Nxf3+ 14. Bxf3 Nxe5
15. Be2 Qh4 16. Bb2 Rf6 17. f4 Rh6 18. h3 Ng4 19. Qc3 Rg6 20. Rf3 Bd7 21. Qe1
Qxe1+ 22. Rxe1 Nf6 23. Bxf6 Rxf6 24. Bd3 Bc6 25. e4 1/2-1/2

[Event "18th HZ Open 2014"]
[Site "Vlissingen NED"]
[Date "2014.08.08"]
[Round "8.17"]
[White "De Wilde, R."]
[Black "Pucher, S."]
[Result "0-1"]
[WhiteElo "2101"]
[BlackElo "2293"]
[PlyCount "40"]
[EventDate "2014.08.02"]
[EventType "swiss"]
[EventRounds "9"]
[EventCountry "NED"]
[Source "Mark Crowther"]
[SourceDate "2014.08.11"]

1. e4 Nf6 2. e5 Nd5 3. d4 d6 4. c4 Nb6 5. f4 dxe5 6. fxe5 Bf5 7. Be3 e6 8. Nf3
Be7 9. Nc3 O-O 10. Be2 Nc6 11. O-O f6 12. Rc1 fxe5 13. Nxe5 Nxe5 14. dxe5 Bg5
15. Bxg5 Qxg5 16. Qd4 Rad8 17. Qc5 Bh3 18. g3 Bxf1 19. Rxf1 Rxf1+ 20. Bxf1 Nd7
0-1

[Event "18th HZ Open 2014"]
[Site "Vlissingen NED"]
[Date "2014.08.08"]
[Round "8.18"]
[White "Kevlishvili, Robby"]
[Black "Dijkhuis, Sven"]
[Result "1-0"]
[WhiteElo "2277"]
[BlackElo "1985"]
[PlyCount "45"]
[EventDate "2014.08.02"]
[EventType "swiss"]
[EventRounds "9"]
[EventCountry "NED"]
[Source "Mark Crowther"]
[SourceDate "2014.08.11"]

1. e4 c5 2. Nf3 e6 3. d4 cxd4 4. Nxd4 Nc6 5. Nc3 Qc7 6. f4 d6 7. Nxc6 bxc6 8.
Bd3 Nf6 9. O-O d5 10. Kh1 Bb4 11. e5 Bxc3 12. bxc3 Nd7 13. c4 Bb7 14. cxd5 cxd5
15. Ba3 Nb6 16. Bd6 Qc6 17. f5 exf5 18. Rxf5 Nc4 19. Bxc4 dxc4 20. Rf2 Qd7 21.
Qd4 Rc8 22. Raf1 c3 23. Rxf7 1-0

[Event "18th HZ Open 2014"]
[Site "Vlissingen NED"]
[Date "2014.08.08"]
[Round "8.19"]
[White "Semcesen, D."]
[Black "Timmermans, I."]
[Result "1-0"]
[WhiteElo "2489"]
[BlackElo "2203"]
[PlyCount "81"]
[EventDate "2014.08.02"]
[EventType "swiss"]
[EventRounds "9"]
[EventCountry "NED"]
[Source "Mark Crowther"]
[SourceDate "2014.08.11"]

1. d4 d5 2. c4 c6 3. Nf3 Nf6 4. Qb3 dxc4 5. Qxc4 Bg4 6. Nbd2 Nbd7 7. g3 e6 8.
Bg2 Be7 9. O-O O-O 10. Qb3 Qb6 11. Nc4 Qa6 12. Re1 Rac8 13. Bf4 c5 14. Nce5
cxd4 15. Nxd4 Nc5 16. Qb5 Qxb5 17. Nxb5 a6 18. Nxg4 axb5 19. Ne5 Nd5 20. Bxd5
exd5 21. Red1 Rfd8 22. Rac1 f6 23. Nf3 Kf7 24. a3 Ra8 25. Nd4 Na4 26. b3 Nc5
27. b4 Na4 28. Rc2 Rdc8 29. Rdc1 Rc4 30. Nxb5 Nb6 31. Be3 Rxc2 32. Rxc2 Nc4 33.
Bc1 Bd8 34. Kf1 Ra6 35. Ke1 Rb6 36. Nd4 Ra6 37. Rc3 Bb6 38. Nb5 Bd8 39. Rd3 Ke6
40. e4 Nb6 41. Nc3 1-0

[Event "18th HZ Open 2014"]
[Site "Vlissingen NED"]
[Date "2014.08.08"]
[Round "8.20"]
[White "Zelbel, P."]
[Black "Stolwijk, Colin"]
[Result "1-0"]
[WhiteElo "2410"]
[BlackElo "2164"]
[PlyCount "47"]
[EventDate "2014.08.02"]
[EventType "swiss"]
[EventRounds "9"]
[EventCountry "NED"]
[Source "Mark Crowther"]
[SourceDate "2014.08.11"]

1. d4 d5 2. Bf4 Nf6 3. Nc3 c6 4. e3 Bf5 5. f3 e6 6. g4 Bg6 7. h4 h5 8. g5 Ng8
9. e4 Bb4 10. Qd3 Nd7 11. a3 Bxc3+ 12. Qxc3 dxe4 13. d5 e5 14. dxc6 bxc6 15.
O-O-O exf4 16. Bh3 Kf8 17. Bxd7 Qb6 18. Ne2 Ne7 19. Nxf4 Kg8 20. Nxg6 fxg6 21.
Be6+ Kh7 22. Rd7 Rhe8 23. Bf7 Nd5 24. Bxd5 1-0

[Event "18th HZ Open 2014"]
[Site "Vlissingen NED"]
[Date "2014.08.08"]
[Round "8.21"]
[White "Lacrosse, M."]
[Black "Hopman, P."]
[Result "0-1"]
[WhiteElo "2174"]
[BlackElo "2387"]
[PlyCount "102"]
[EventDate "2014.08.02"]
[EventType "swiss"]
[EventRounds "9"]
[EventCountry "NED"]
[Source "Mark Crowther"]
[SourceDate "2014.08.11"]

1. d4 d6 2. c4 e5 3. Nf3 e4 4. Ng5 f5 5. Nc3 c6 6. Nh3 Nf6 7. e3 Be6 8. Nf4 Bf7
9. h4 Nbd7 10. Be2 Be7 11. b3 d5 12. Bb2 Nb6 13. cxd5 Nfxd5 14. Nfxd5 Nxd5 15.
Nxd5 Bxd5 16. g3 Bd6 17. Bc4 Qa5+ 18. Kf1 O-O-O 19. Qc2 Kb8 20. a4 Rd7 21. Kg2
Qd8 22. Ba3 Bc7 23. Bxd5 cxd5 24. Qe2 g6 25. Rac1 h6 26. Kf1 g5 27. hxg5 hxg5
28. Rxh8 Qxh8 29. Ke1 f4 30. gxf4 gxf4 31. Kd2 Qh2 32. Rf1 a6 33. Kd1 Rg7 34.
exf4 Bxf4 35. Bc1 Bd6 36. Kc2 Rc7+ 37. Kb2 Bb4 38. Bd2 Bxd2 39. Qxd2 Rf7 40.
Ka3 Qg2 41. Qc1 Rc7 42. Rg1 Qh2 43. Rg8+ Ka7 44. Qd2 Qh1 45. Kb2 Qf1 46. Qf4
Qe2+ 47. Ka3 Qc2 48. Rd8 e3 49. Qf8 Qc1+ 50. Kb4 Qc3+ 51. Ka3 Qa1+ 0-1

[Event "18th HZ Open 2014"]
[Site "Vlissingen NED"]
[Date "2014.08.08"]
[Round "8.22"]
[White "Taddei, B."]
[Black "Gijsen, S."]
[Result "1-0"]
[WhiteElo "2348"]
[BlackElo "2144"]
[PlyCount "87"]
[EventDate "2014.08.02"]
[EventType "swiss"]
[EventRounds "9"]
[EventCountry "NED"]
[Source "Mark Crowther"]
[SourceDate "2014.08.11"]

1. e4 e5 2. Nf3 Nc6 3. d4 exd4 4. Nxd4 Bb4+ 5. c3 Bc5 6. Nxc6 bxc6 7. Bd3 Ne7
8. Nd2 Ng6 9. Nb3 Bd6 10. g3 a5 11. a4 Be7 12. f4 c5 13. h4 h5 14. Be2 Bb7 15.
Bf3 Ra6 16. Be3 Qa8 17. Nd2 Rd6 18. Qe2 f5 19. Bxh5 Bxe4 20. Nxe4 Qxe4 21. Bf3
Qd3 22. Qxd3 Rxd3 23. Ke2 Rd6 24. Rad1 O-O 25. Bd5+ Kh7 26. h5 Nh8 27. Bxc5 Rh6
28. Be3 c6 29. Bc4 d5 30. Bd3 Re6 31. Kf3 Re4 32. Bxe4 fxe4+ 33. Ke2 Nf7 34. c4
Rd8 35. cxd5 cxd5 36. g4 Nh6 37. Rhg1 Bb4 38. f5 Nf7 39. g5 Ne5 40. g6+ Kg8 41.
h6 gxh6 42. f6 Rd6 43. Bd4 Re6 44. Rdf1 1-0

[Event "18th HZ Open 2014"]
[Site "Vlissingen NED"]
[Date "2014.08.08"]
[Round "8.23"]
[White "Gieben, Stijn"]
[Black "Piceu, T."]
[Result "0-1"]
[WhiteElo "2134"]
[BlackElo "2330"]
[PlyCount "84"]
[EventDate "2014.08.02"]
[EventType "swiss"]
[EventRounds "9"]
[EventCountry "NED"]
[Source "Mark Crowther"]
[SourceDate "2014.08.11"]

1. e4 c5 2. Nf3 d6 3. d4 cxd4 4. Nxd4 Nf6 5. Nc3 a6 6. h3 e5 7. Nde2 Be7 8. g4
O-O 9. Bg2 Be6 10. O-O Nbd7 11. Nd5 Rc8 12. Be3 Nc5 13. Bxc5 Rxc5 14. Qd3 Nxd5
15. exd5 Bd7 16. c3 f5 17. gxf5 Bxf5 18. Be4 Bxe4 19. Qxe4 Qc8 20. f4 Rc4 21.
Qe3 Rf5 22. Kg2 Bf6 23. Rad1 Qe8 24. Qd3 Qc8 25. b3 Rc7 26. c4 Re7 27. fxe5
Rfxe5 28. Nf4 Re3 29. Qc2 Qe8 30. Ne6 Qh5 31. Qf5 Qe2+ 32. Qf2 Rf7 33. Qxe2
Rxe2+ 34. Rf2 Rxf2+ 35. Kxf2 b6 36. Ke3 a5 37. Rb1 Bc3 38. a3 Rf5 39. Nc7 Rh5
40. Rh1 Rh4 41. Nb5 Be5 42. Kf3 a4 0-1

[Event "18th HZ Open 2014"]
[Site "Vlissingen NED"]
[Date "2014.08.08"]
[Round "8.24"]
[White "Sowray, P."]
[Black "Stange, S."]
[Result "1-0"]
[WhiteElo "2325"]
[BlackElo "2137"]
[PlyCount "67"]
[EventDate "2014.08.02"]
[EventType "swiss"]
[EventRounds "9"]
[EventCountry "NED"]
[Source "Mark Crowther"]
[SourceDate "2014.08.11"]

1. d4 Nf6 2. c4 e6 3. Nc3 Bb4 4. e3 b6 5. Nge2 Ba6 6. a3 Bxc3+ 7. Nxc3 d5 8. b3
O-O 9. g4 dxc4 10. bxc4 Bb7 11. Rg1 Qd6 12. Qc2 c5 13. g5 Nh5 14. d5 exd5 15.
cxd5 Qxh2 16. Rg2 Qh1 17. Bb2 Ba6 18. Ne2 Re8 19. O-O-O Bxe2 20. Qxe2 Nf4 21.
Qb5 Nc6 22. exf4 Nd4 23. Qd3 Ne2+ 24. Bxe2 Qxg2 25. Qc3 f6 26. Bc4 Qxf2 27. d6+
Kf8 28. gxf6 Qxf4+ 29. Kb1 gxf6 30. Qxf6+ Qxf6 31. Bxf6 b5 32. Bd5 Rad8 33. Rg1
Rxd6 34. Rg8# 1-0

[Event "18th HZ Open 2014"]
[Site "Vlissingen NED"]
[Date "2014.08.08"]
[Round "8.25"]
[White "Middelveld, M."]
[Black "Bezemer, A."]
[Result "1/2-1/2"]
[WhiteElo "2119"]
[BlackElo "2287"]
[PlyCount "65"]
[EventDate "2014.08.02"]
[EventType "swiss"]
[EventRounds "9"]
[EventCountry "NED"]
[Source "Mark Crowther"]
[SourceDate "2014.08.11"]

1. d4 e6 2. c4 b6 3. Nf3 Bb7 4. g3 Bb4+ 5. Bd2 Bxf3 6. exf3 Bxd2+ 7. Qxd2 Nf6
8. Nc3 d5 9. cxd5 Nxd5 10. Bg2 O-O 11. f4 c6 12. O-O Ne7 13. Rfd1 Nd7 14. Ne4
Rc8 15. Rac1 Rc7 16. Rc2 Nb8 17. Qe2 Rd7 18. Rcd2 h6 19. b4 Qc8 20. Nc3 Qa6 21.
b5 cxb5 22. Nxb5 Rc8 23. d5 Nxd5 24. Bxd5 exd5 25. Rxd5 Rxd5 26. Rxd5 Qb7 27.
Qe4 Nd7 28. h3 a6 29. Nd4 Nc5 30. Qf3 Re8 31. Nf5 Re1+ 32. Kh2 Ne6 33. Nd4
1/2-1/2

[Event "18th HZ Open 2014"]
[Site "Vlissingen NED"]
[Date "2014.08.08"]
[Round "8.27"]
[White "Sanders, I."]
[Black "De Wolf, J."]
[Result "1-0"]
[WhiteElo "2282"]
[BlackElo "2104"]
[PlyCount "81"]
[EventDate "2014.08.02"]
[EventType "swiss"]
[EventRounds "9"]
[EventCountry "NED"]
[Source "Mark Crowther"]
[SourceDate "2014.08.11"]

1. d4 Nf6 2. Nf3 d5 3. c4 e6 4. g3 Be7 5. Bg2 O-O 6. O-O c6 7. b3 b6 8. Nc3 Bb7
9. Bb2 Nbd7 10. Qc2 Rc8 11. e4 Qc7 12. Rad1 dxe4 13. Nxe4 Nxe4 14. Qxe4 c5 15.
Qe2 Bf6 16. dxc5 bxc5 17. Bc1 Bc6 18. Ng5 Bxg2 19. Kxg2 Bd4 20. Nf3 Qb7 21. Kg1
e5 22. Rfe1 a5 23. Bd2 Ra8 24. Rb1 Qc6 25. a3 f5 26. Be3 Bxe3 27. Qxe3 e4 28.
Nd2 Ne5 29. b4 axb4 30. axb4 cxb4 31. Rxb4 Qd6 32. Rb5 Ra3 33. Qe2 Rd3 34. Nxe4
fxe4 35. Rxe5 Rd2 36. Qxe4 Rdxf2 37. c5 Qh6 38. Qd5+ Kh8 39. Rh5 Qf6 40. Qd3
Rf3 41. Qxh7# 1-0

[Event "18th HZ Open 2014"]
[Site "Vlissingen NED"]
[Date "2014.08.08"]
[Round "8.28"]
[White "Rosmuller, A."]
[Black "Afek, Y."]
[Result "0-1"]
[WhiteElo "2104"]
[BlackElo "2282"]
[PlyCount "60"]
[EventDate "2014.08.02"]
[EventType "swiss"]
[EventRounds "9"]
[EventCountry "NED"]
[Source "Mark Crowther"]
[SourceDate "2014.08.11"]

1. d4 Nf6 2. c4 c5 3. d5 b5 4. cxb5 a6 5. b6 d6 6. a4 a5 7. Nc3 Ba6 8. g3 g6 9.
Bg2 Bg7 10. Nh3 O-O 11. Nf4 Qxb6 12. h4 h5 13. Nh3 Nbd7 14. Ng5 Rab8 15. O-O
Ne5 16. Qc2 Qb3 17. Be4 Nxe4 18. Qxe4 Rb4 19. Ra3 Qxa3 20. bxa3 Rxe4 21. Ngxe4
Rb8 22. f4 Ng4 23. f5 Rb3 24. Nb5 Bxb5 25. axb5 Rxb5 26. fxg6 fxg6 27. Bg5 Bd4+
28. Kh1 Rb2 29. Bxe7 Rxe2 30. Nf6+ Kf7 0-1

[Event "18th HZ Open 2014"]
[Site "Vlissingen NED"]
[Date "2014.08.08"]
[Round "8.29"]
[White "Dardha, A."]
[Black "Goossens, R."]
[Result "1-0"]
[WhiteElo "2272"]
[BlackElo "2093"]
[PlyCount "43"]
[EventDate "2014.08.02"]
[EventType "swiss"]
[EventRounds "9"]
[EventCountry "NED"]
[Source "Mark Crowther"]
[SourceDate "2014.08.11"]

1. e4 e5 2. Nf3 Nc6 3. Nc3 g6 4. d4 exd4 5. Nxd4 Bg7 6. Nxc6 bxc6 7. Bc4 Ne7 8.
O-O O-O 9. Bg5 h6 10. Bh4 d6 11. f4 Kh8 12. f5 Be5 13. Qd2 g5 14. Bxg5 hxg5 15.
Qxg5 Ng8 16. Qh5+ Kg7 17. Rf3 Qf6 18. Rh3 Re8 19. Rf1 Be6 20. fxe6 Rxe6 21.
Rxf6 Rxf6 22. Rf3 1-0

[Event "18th HZ Open 2014"]
[Site "Vlissingen NED"]
[Date "2014.08.08"]
[Round "8.30"]
[White "Hoffman, Ro"]
[Black "Schippers, Maurice"]
[Result "1/2-1/2"]
[WhiteElo "2088"]
[BlackElo "2267"]
[PlyCount "118"]
[EventDate "2014.08.02"]
[EventType "swiss"]
[EventRounds "9"]
[EventCountry "NED"]
[Source "Mark Crowther"]
[SourceDate "2014.08.11"]

1. d4 Nf6 2. c4 c5 3. d5 b5 4. Qc2 bxc4 5. e4 d6 6. Bxc4 g6 7. Nf3 Bg7 8. O-O
O-O 9. Nc3 Nbd7 10. Re1 Rb8 11. h3 Nb6 12. Bf1 Bb7 13. a4 a6 14. Bf4 Kh8 15.
Nd2 Nh5 16. Bh2 f5 17. a5 Na8 18. Nc4 Nc7 19. Rad1 fxe4 20. Qxe4 e5 21. Nb6 Qf6
22. Qc2 Qf7 23. Ne4 Rfd8 24. Bc4 Qe7 25. Qd2 Nb5 26. Qg5 Qf8 27. Qg4 Nf6 28.
Nxf6 Bxf6 29. Re4 Qg7 30. Kh1 Rf8 31. Bxb5 axb5 32. Qd7 Be7 33. f4 Rfd8 34. Qe6
Bf6 35. fxe5 dxe5 36. Bxe5 Bxe5 37. Qxe5 Qxe5 38. Rxe5 Rd6 39. Re7 c4 40. Nd7
Ra8 41. Nb6 Rb8 42. Rc7 Ba6 43. Rd4 h6 44. Re4 b4 45. Rd4 Rbd8 46. Kg1 Kg8 47.
Kf2 Rf6+ 48. Ke3 Re8+ 49. Re4 Rd8 50. Re5 c3 51. bxc3 b3 52. Na4 Rf1 53. Rc6
Bb5 54. Rxg6+ Kh7 55. Rg4 Bxa4 56. Re7+ Kh8 57. Rb7 Re1+ 58. Kf2 Ra1 59. a6 Bd7
1/2-1/2

[Event "18th HZ Open 2014"]
[Site "Vlissingen NED"]
[Date "2014.08.08"]
[Round "8.31"]
[White "Rebers, E."]
[Black "Van der Zalm, M."]
[Result "1-0"]
[WhiteElo "2240"]
[BlackElo "2057"]
[PlyCount "75"]
[EventDate "2014.08.02"]
[EventType "swiss"]
[EventRounds "9"]
[EventCountry "NED"]
[Source "Mark Crowther"]
[SourceDate "2014.08.11"]

1. c4 f5 2. Nc3 Nf6 3. g3 g6 4. Bg2 Bg7 5. d3 O-O 6. e3 e5 7. Nge2 d6 8. O-O c6
9. f4 Na6 10. b3 Kh8 11. h3 Qc7 12. Ba3 exf4 13. exf4 Bd7 14. Qd2 Rae8 15. Rfe1
Bc8 16. Kh2 Re7 17. Rad1 Rfe8 18. Ng1 h6 19. Nf3 Kh7 20. Rxe7 Rxe7 21. Re1 Rxe1
22. Nxe1 Qa5 23. Bxd6 Qxc3 24. Qxc3 Ng4+ 25. hxg4 Bxc3 26. Nf3 fxg4 27. Nh4 Bb4
28. Be5 Nc5 29. d4 Nd3 30. Be4 Nxe5 31. dxe5 Kg7 32. Bxg6 Bc3 33. Bf5 Bxf5 34.
Nxf5+ Kg6 35. Nd6 b6 36. f5+ Kg7 37. e6 Bb4 38. e7 1-0

[Event "18th HZ Open 2014"]
[Site "Vlissingen NED"]
[Date "2014.08.08"]
[Round "8.32"]
[White "Senders, Mischa"]
[Black "Voege, Tobias"]
[Result "1-0"]
[WhiteElo "2223"]
[BlackElo "1990"]
[PlyCount "85"]
[EventDate "2014.08.02"]
[EventType "swiss"]
[EventRounds "9"]
[EventCountry "NED"]
[Source "Mark Crowther"]
[SourceDate "2014.08.11"]

1. e4 c5 2. Nf3 Nc6 3. d4 cxd4 4. Nxd4 g6 5. Nc3 Bg7 6. Be3 Nf6 7. Bc4 O-O 8.
Bb3 d6 9. f3 Nxd4 10. Bxd4 Be6 11. Qd2 Qa5 12. O-O Nd7 13. Kh1 Bxd4 14. Qxd4
Qc5 15. Rad1 Qxd4 16. Rxd4 Nc5 17. Nd5 Bxd5 18. Bxd5 Rab8 19. h4 Kg7 20. Re1
Rfd8 21. Kh2 Rd7 22. Re3 Rc7 23. Rc3 Ne6 24. Rxc7 Nxc7 25. Bb3 Ne6 26. Bxe6
fxe6 27. Rc4 e5 28. Kg3 h6 29. h5 g5 30. Rc7 Kf6 31. b4 a6 32. a4 Ke6 33. c4 b6
34. Ra7 a5 35. bxa5 bxa5 36. Rxa5 Rc8 37. c5 Rxc5 38. Rxc5 dxc5 39. Kf2 Kd6 40.
Ke3 Kc6 41. Kd3 Kb6 42. Kc4 e6 43. a5+ 1-0

[Event "18th HZ Open 2014"]
[Site "Vlissingen NED"]
[Date "2014.08.08"]
[Round "8.33"]
[White "Bijlsma, N."]
[Black "Van Houtte, R."]
[Result "1-0"]
[WhiteElo "2210"]
[BlackElo "1967"]
[PlyCount "107"]
[EventDate "2014.08.02"]
[EventType "swiss"]
[EventRounds "9"]
[EventCountry "NED"]
[Source "Mark Crowther"]
[SourceDate "2014.08.11"]

1. e4 c5 2. Nf3 a6 3. c3 d5 4. exd5 Qxd5 5. d4 e6 6. Be2 Nf6 7. O-O Nc6 8. Be3
cxd4 9. cxd4 Be7 10. Nc3 Qa5 11. a3 Nd5 12. Ne4 Nxe3 13. fxe3 O-O 14. b4 Qd8
15. Rc1 Bd7 16. Nc5 Bxc5 17. Rxc5 Qe7 18. Bd3 g6 19. Qd2 f5 20. Rfc1 Rac8 21.
Bb1 b6 22. R5c4 Na7 23. Ne5 Bb5 24. R4c3 Rxc3 25. Rxc3 Rc8 26. Ba2 Rxc3 27.
Qxc3 Be8 28. Qc4 Nb5 29. Qxe6+ Qxe6 30. Bxe6+ Kf8 31. Nc4 Nc7 32. Bc8 b5 33.
Ne5 Nd5 34. Kf2 Nc3 35. Bxa6 Nb1 36. Ke2 Nxa3 37. Kd2 Bf7 38. Nxf7 Kxf7 39. Kc3
Ke6 40. Kb3 Nc4 41. Bxb5 Nxe3 42. Bc6 Kd6 43. b5 f4 44. Kc3 g5 45. Be4 Kc7 46.
Kb4 Kb6 47. d5 Ng4 48. d6 h6 49. d7 Kc7 50. b6+ Kxd7 51. Bf5+ Kc6 52. Bxg4 Kxb6
53. Bf3 Kc7 54. Kc5 1-0

[Event "18th HZ Open 2014"]
[Site "Vlissingen NED"]
[Date "2014.08.08"]
[Round "8.34"]
[White "Hekhuis, J."]
[Black "Grochal, J."]
[Result "1/2-1/2"]
[WhiteElo "2066"]
[BlackElo "2205"]
[PlyCount "49"]
[EventDate "2014.08.02"]
[EventType "swiss"]
[EventRounds "9"]
[EventCountry "NED"]
[Source "Mark Crowther"]
[SourceDate "2014.08.11"]

1. d4 Nf6 2. c4 e6 3. Nc3 Bb4 4. Qc2 O-O 5. Bg5 h6 6. Bh4 c5 7. dxc5 Bxc5 8.
Nf3 Nc6 9. e3 Be7 10. Be2 d5 11. cxd5 Nxd5 12. Bxe7 Ncxe7 13. Nxd5 Nxd5 14. O-O
b6 15. Rac1 Bb7 16. Qa4 a6 17. Rfd1 Qe7 18. Ne5 b5 19. Qg4 Rac8 20. h3 Rfd8 21.
Bf3 Rc7 22. Rxc7 Qxc7 23. Qd4 Rc8 24. Bh5 Rf8 25. Bf3 1/2-1/2

[Event "18th HZ Open 2014"]
[Site "Vlissingen NED"]
[Date "2014.08.08"]
[Round "8.35"]
[White "Leenhouts, K."]
[Black "De Zwart, J."]
[Result "1-0"]
[WhiteElo "2385"]
[BlackElo "2005"]
[PlyCount "65"]
[EventDate "2014.08.02"]
[EventType "swiss"]
[EventRounds "9"]
[EventCountry "NED"]
[Source "Mark Crowther"]
[SourceDate "2014.08.11"]

1. d4 Nf6 2. c4 c5 3. d5 e6 4. Nc3 exd5 5. cxd5 d6 6. e4 g6 7. Nge2 Bg7 8. Ng3
O-O 9. Be2 a6 10. a4 Nbd7 11. O-O Re8 12. f3 Rb8 13. Be3 h5 14. Qd2 Ne5 15. h3
Qe7 16. Rae1 Nh7 17. f4 Nd7 18. e5 h4 19. Nge4 dxe5 20. f5 g5 21. d6 Qd8 22.
Nxg5 Nxg5 23. Bxg5 Bf6 24. Bxf6 Qxf6 25. Ne4 Qh8 26. Bc4 b5 27. Qg5+ Qg7 28.
Bxf7+ Kxf7 29. Qh5+ Kf8 30. f6 Qf7 31. Qh8+ Qg8 32. Qh6+ Kf7 33. Ng5+ 1-0

[Event "18th HZ Open 2014"]
[Site "Vlissingen NED"]
[Date "2014.08.08"]
[Round "8.36"]
[White "Ijzermans, Cees"]
[Black "Beerdsen, Thomas"]
[Result "0-1"]
[WhiteElo "2009"]
[BlackElo "2282"]
[PlyCount "86"]
[EventDate "2014.08.02"]
[EventType "swiss"]
[EventRounds "9"]
[EventCountry "NED"]
[Source "Mark Crowther"]
[SourceDate "2014.08.11"]

1. c4 Nf6 2. g3 g6 3. Bg2 Bg7 4. Nc3 O-O 5. d4 d6 6. e3 Nbd7 7. Nge2 e5 8. O-O
c6 9. b3 Re8 10. Ba3 Nf8 11. h3 e4 12. Qc2 h5 13. Nxe4 Nxe4 14. Bxe4 Bxh3 15.
Bg2 Bg4 16. f3 Bd7 17. e4 d5 18. Bb2 dxe4 19. fxe4 Bg4 20. d5 Bxb2 21. Qxb2
cxd5 22. cxd5 Bxe2 23. Qxe2 Qxd5 24. exd5 Rxe2 25. Rac1 Rd8 26. Rf2 Rxf2 27.
Kxf2 Kg7 28. Ke3 Kf6 29. Rc7 Rd7 30. Rxd7 Nxd7 31. Kd4 Ke7 32. d6+ Kxd6 33.
Bxb7 Nc5 34. Bg2 f5 35. b4 Ne6+ 36. Ke3 Ke5 37. a4 f4+ 38. gxf4+ Nxf4 39. Be4
g5 40. b5 g4 41. a5 Nd5+ 42. Kd3 g3 43. b6 axb6 0-1

[Event "18th HZ Open 2014"]
[Site "Vlissingen NED"]
[Date "2014.08.08"]
[Round "8.37"]
[White "Van Rij, G."]
[Black "Beeke, B."]
[Result "0-1"]
[WhiteElo "2006"]
[BlackElo "2243"]
[PlyCount "46"]
[EventDate "2014.08.02"]
[EventType "swiss"]
[EventRounds "9"]
[EventCountry "NED"]
[Source "Mark Crowther"]
[SourceDate "2014.08.11"]

1. d4 d5 2. c4 e6 3. Nf3 Nf6 4. e3 Be7 5. b3 O-O 6. Bd3 b6 7. O-O c5 8. Bb2
dxc4 9. bxc4 Nc6 10. Nbd2 Bb7 11. Rc1 Qc7 12. Bb1 Rfd8 13. Re1 Rac8 14. a3 cxd4
15. exd4 Qf4 16. d5 exd5 17. cxd5 Nxd5 18. Re4 Qh6 19. Rg4 Bf6 20. Qc2 Ne5 21.
Qxh7+ Qxh7 22. Bxh7+ Kxh7 23. Rxc8 Nxg4 0-1